Οταν ο γάμος συναντά τον ψυχοθεραπευτή

Αποθηκεύτηκε σε:
Λεπτομέρειες βιβλιογραφικής εγγραφής
Κύριος συγγραφέας: Weldon, Fay
Μορφή: Βιβλίο
Γλώσσα:Greek
English
Δημοσίευση: Αθήνα : Νεφέλη, 1999.
Σειρά:Σελάνα - Γυναίκες συγγραφείς του κόσμου
Θέματα:
Ετικέτες: Προσθήκη ετικέτας
Δεν υπάρχουν, Καταχωρήστε ετικέτα πρώτοι!

MARC

LEADER 00000cam a2200000 i 4500
001 1/21281
008 060109s1999 gr | ||| |||| ||gre||
020 |a 9602114223  
035 |l 10081839 
040 |a GR-MY-UA  |b gre  |e aacr 
041 1 |a gre  |h eng 
082 0 |a 823.914  |2 (22) 
100 1 |a Weldon, Fay. 
245 1 0 |a Οταν ο γάμος συναντά τον ψυχοθεραπευτή /   |c Φαιη Γουελντον ; μετάφραση Αγγελική Στουπάκη.  
260 |a Αθήνα :   |b Νεφέλη,   |c 1999.  
300 |a 236 σ. ;   |c 21 εκ.  
490 1 |a (Σελάνα - Γυναίκες συγγραφείς του κόσμου)  
500 |a Τίτλος πρωτοτύπου: Affliction 
650 0 0 |a English fiction. 
830 0 |a Σελάνα - Γυναίκες συγγραφείς του κόσμου 
852 |a INST  |b SAMOS  |e 20060109  |h 823.914 WEL  |p 005300024957  |q 005300024957  |t BK  |y 0 
901 |a BIBL3-2006-1 
909 |a Σ  |b 114743 
970 |a ΚΟΣΙΕΡΗΣ  |b ΧΡΗΣΤΟΣ  |z 2006/01/09